000
00257nam a2200109Ia 4500
008
190919s9999||||xx |||||||||||||| ||und||
100
_a
Devlin,Keith
245
0
_a
Sets,Functions and Logic
260
_a
London
_b
Addison
_c
2000
300
_a
294
942
_c
BK
999
_c
10309
_d
10309